000 00381nam a22001457a 4500
003 MACL
005 20170704125110.0
008 170704b xxu||||| |||| 00| 0 eng d
040 _cMACL
100 _aGupta, Anita
_967985
245 _aAmazing Tales From Shekh Chilli's Life
260 _aDelhi
_bChildewn Book Centre
_c2016
650 _aChildren Book
_968021
942 _2ddc
_cBK
999 _c56697
_d56697